000
00331nam a22001457a 4500
999
_c
7915
_d
7915
003
OSt
005
20200603155729.0
008
200603b ||||| |||| 00| 0 eng d
020
_a
9788415391029
082
_a
720.47
_b
NEE
100
_a
Neeraj Bhatia ,
245
_a
Goes soft
260
_a
New York
_b
ActarD Inc
_c
2012
942
_2
ddc